| Tag |
First Indicator |
Second Indicator |
Subfields |
| LEADER |
00000nam a2200000Ia 4500 |
| 001 |
in00004325513 |
| 005 |
20200812090034.0 |
| 006 |
m g d |
| 007 |
cr bn |||a|bb| |
| 008 |
001215s1641 enk o 000 0 eng d |
| 035 |
|
|
|a (OCoLC)45578372
|
| 040 |
|
|
|a EAE
|c EAE
|e dcrb
|
| 037 |
|
|
|a CL0037000111
|b ProQuest Information and Learning. 300 N. Zeeb Rd., Ann Arbor, MI 48106
|
| 043 |
|
|
|a e-uk---
|
| 045 |
0 |
|
|b d1641
|
| 090 |
|
|
|a DA398 1641
|b .F3
|
| 049 |
|
|
|a UMIA
|
| 100 |
1 |
|
|a Falkland, Lucius Cary,
|c Viscount,
|d 1610?-1643.
|
| 240 |
1 |
0 |
|a Learned speech in Parliament in the House of Commons touching the judges and the late Lord Keeper.
|
| 245 |
1 |
4 |
|a The Lord Faulkland his learned speech in Parliament, in the House of Commons, touching the judges and the late Lord Keeper
|
| 260 |
|
|
|a [London :
|b publisher not identified],
|c Printed in the yeare, 1641.
|
| 300 |
|
|
|a 1 online resource ([2], 9 pages)
|
| 336 |
|
|
|a text
|b txt
|2 rdacontent
|
| 337 |
|
|
|a computer
|b c
|2 rdamedia
|
| 338 |
|
|
|a online resource
|b cr
|2 rdacarrier
|
| 500 |
|
|
|a Title vignette: a bee.
|
| 500 |
|
|
|a Reproduction of original in the Henry E. Huntington Library and Art Gallery.
|
| 510 |
4 |
|
|a Wing (2nd edition)
|c F320aA
|
| 533 |
|
|
|a Electronic reproduction.
|b Ann Arbor, Mich. :
|c UMI,
|d 1999-
|f (Early English books online)
|n Digital version of: (Early English books, 1641-1700 ; 2624:13)
|7 s1999 miun s
|
| 650 |
|
0 |
|a Judges
|z England.
|
| 651 |
|
0 |
|a Great Britain
|x Politics and government
|y 1625-1649.
|
| 830 |
|
0 |
|a Early English books online.
|
| 856 |
4 |
0 |
|u http://proxy.library.tamu.edu/login?url=https://search.proquest.com/docview/2240883319
|z Connect to the full text of this electronic book
|t 0
|
| 999 |
f |
f |
|s ec88276a-8daf-3680-a59d-b17d3102fd40
|i d891e3ea-0895-3dbb-9488-4899f8f0f4c3
|t 0
|
| 952 |
f |
f |
|a Texas A&M University
|b College Station
|c Electronic Resources
|d Available Online
|t 0
|e DA398 1641 .F3
|h Library of Congress classification
|
| 998 |
f |
f |
|a DA398 1641 .F3
|t 0
|l Available Online
|